<?xml version="1.0" encoding="UTF-8"?>
<collection xmlns="http://www.loc.gov/MARC21/slim">
  <record>
    <leader>00000nam  2200000   4500</leader>
    <controlfield tag="001">INLIS000000000005879</controlfield>
    <controlfield tag="005">20200602093328</controlfield>
    <datafield tag="035" ind1="#" ind2="#">
      <subfield code="a">0010-0919000174</subfield>
    </datafield>
    <controlfield tag="008">200602################|##########|#|##</controlfield>
    <datafield tag="082" ind1="#" ind2="#">
      <subfield code="a">R  077</subfield>
    </datafield>
    <datafield tag="084" ind1="#" ind2="#">
      <subfield code="a">R. 077 PIM II 2019</subfield>
    </datafield>
    <datafield tag="100" ind1="1" ind2="#">
      <subfield code="a">Soeparjanto, Indra</subfield>
    </datafield>
    <datafield tag="245" ind1="1" ind2="#">
      <subfield code="a">Optimalisasi Transaksi uang persediaan melalui Pemanfaatan Digital Payment dan marketplace /</subfield>
      <subfield code="c">Indra Soeparjanto</subfield>
    </datafield>
    <datafield tag="260" ind1="#" ind2="#">
      <subfield code="a">Jakarta :</subfield>
      <subfield code="b">Lembaga Administrasi Negara,</subfield>
      <subfield code="c">2019;</subfield>
    </datafield>
    <datafield tag="300" ind1="#" ind2="#">
      <subfield code="a">vii, 13 hlm. ilus. :</subfield>
      <subfield code="b">Ilus. ;grafik dan foto. ;</subfield>
      <subfield code="c">30 cm</subfield>
    </datafield>
    <datafield tag="650" ind1="#" ind2="#">
      <subfield code="a">Digital payment, marketplace</subfield>
    </datafield>
    <datafield tag="990" ind1="#" ind2="#">
      <subfield code="a">1909077</subfield>
    </datafield>
  </record>
</collection>
